Los sacerdotes (Record no. 184084)

MARC details
000 -LEADER
campo de control de longitud fija 00974nam a2200265 i 4500
001 - NÚMERO DE CONTROL
campo de control 184084
003 - IDENTIFICADOR DE NÚMERO DE CONTROL
campo de control ES-MaACL
005 - FECHA Y HORA DE LA ÚLTIMA TRANSACCIÓN
campo de control 20251001203308.0
008 - DATOS DE LONGITUD FIJA--INFORMACIÓN GENERAL
campo de control de longitud fija 150312s1969 sp |||| | lat d
080 ## - NÚMERO DE LA CLASIFICACIÓN DECIMAL UNIVERSAL
Número de la Clasificación Decimal Universal 254:262.5 Vat.II
080 ## - NÚMERO DE LA CLASIFICACIÓN DECIMAL UNIVERSAL
Número de la Clasificación Decimal Universal 262.14:262.5 Vat.II
111 2# - ENTRADA PRINCIPAL--NOMBRE DE CONGRESO/REUNIÓN
Nombre de congreso/reunión o jurisdicción como elemento de entrada Concilio Vaticano (
Número del congreso/reunión o número de parte o sección 2º.
Fecha del congreso o de la firma del tratado 1962-1965)
9 (RLIN) 122
245 14 - MENCIÓN DEL TÍTULO
Título Los sacerdotes
Resto del título : decretos "Presbyterorum Ordinis" y "Optatam Totius". /
Mención de responsabilidad, etc. prólogo de Mons. Marty ; comentarios de J. Frisque ... [et al.] ; bajo la dirección de J. Frisque e Y. Congar.
260 ## - PUBLICACIÓN, DISTRIBUCIÓN, ETC.
Lugar de publicación, distribución, etc. Madrid :
Nombre del editor, distribuidor, etc. Taurus,
Fecha de publicación, distribución, etc. 1969.
300 ## - DESCRIPCIÓN FÍSICA
Extensión 473 p. ;
Dimensiones 22 cm.
490 1# - MENCIÓN DE SERIE
Mención de serie Vaticano II ;
Designación de volumen o secuencia 4
546 ## - NOTA DE IDIOMA
Nota de lengua/lenguaje Textos latinos y traducciones castellanas.
650 07 - PUNTO DE ACCESO ADICIONAL DE MATERIA--TÉRMINO DE MATERIA
Término de materia o nombre geográfico como elemento de entrada Sacerdotes.
9 (RLIN) 16959
700 1# - ENTRADA AGREGADA--NOMBRE PERSONAL
Nombre de persona Marty, François,
Fechas asociadas al nombre 1904-1994
9 (RLIN) 156549
700 1# - ENTRADA AGREGADA--NOMBRE PERSONAL
Nombre de persona Frisque, Jean.
9 (RLIN) 52687
700 1# - ENTRADA AGREGADA--NOMBRE PERSONAL
Nombre de persona Congar, Yves,
Fechas asociadas al nombre 1904-1995
9 (RLIN) 40170
830 0# - PUNTO DE ACCESO ADICIONAL DE SERIE-TÍTULO UNIFORME
Título uniforme Vaticano II ;
Designación de volumen o secuencia 4
9 (RLIN) 192023
852 ## - LOCALIZACIÓN
Ubicación ES-MaACL
Número de control de estantería E-15477
Holdings
Estatus retirado Estado de pérdida Estado de daño No para préstamo Biblioteca de origen Biblioteca actual Ubicación en estantería Fecha de adquisición Fuente de adquisición Total de préstamos Signatura topográfica completa Código de barras Visto por última vez Precio de reemplazo Tipo de ítem Koha
        Biblioteca del Ateneo de Madrid Biblioteca del Ateneo de Madrid Depósito 2 12/03/2015     E-15477 1193595 23/02/2023 23/02/2023 Libro impreso